|
|
|
|
| LEADER |
01104nam a2200265 a 4500 |
| 001 |
1022738 |
| 008 |
100126s1988 dcua bsq 000 0 eng d |
| 010 |
|
|
|a \\\88050465
|
| 020 |
|
|
|a 0915825252 :
|c $10.00
|
| 040 |
|
|
|a DLC
|c DLC
|d DLC
|d BD-DhAAL
|
| 082 |
0 |
0 |
|a 333.75/09172/4
|2 19
|
| 100 |
1 |
|
|a Repetto, Robert C.
|
| 245 |
1 |
4 |
|a The forest for the trees? :
|b government policies and the misuse of forest resources /
|c Robert Repetto.
|
| 260 |
|
|
|a Washington, D.C., USA :
|b World Resources Institute,
|c c1988.
|
| 300 |
|
|
|a viii, 105 p. :
|b ill. ;
|c 26 cm.
|
| 500 |
|
|
|a "May 1988."
|
| 504 |
|
|
|a Bibliography: p. 99-105.
|
| 541 |
1 |
|
|e 00006492
|
| 650 |
|
0 |
|a Forest products industry
|x Government policy
|z Developing countries.
|
| 650 |
|
0 |
|a Lumber trade
|x Government policy
|z Developing countries.
|
| 650 |
|
0 |
|a Forest policy
|z Developing countries.
|
| 710 |
2 |
|
|a World Resources Institute.
|
| 852 |
4 |
|
|a Ayesha Abed Library
|j General shelf
|
| 999 |
|
|
|c 7220
|d 7220
|
| 952 |
|
|
|0 0
|1 0
|2 ddc
|4 0
|6 333_750917240000000_REP_1988
|7 0
|9 7515
|a BRACUL
|b BRACUL
|c GEN
|d 2010-01-27
|l 0
|o 333.75091724 REP
|p 3010006492
|r 2010-01-27
|t 1
|w 2010-01-27
|y BK
|